[Event "ROM-ch U10 Girls"]
[Site "Calimanesti Caciulata"]
[Date "2016.04.19"]
[Round "2"]
[White "Candea, Constantina Irina"]
[Black "Albota, Carolina Ana"]
[Result "0-1"]
[WhiteElo "1001"]
[BlackElo "1082"]
[PlyCount "124"]
[EventDate "2016.04.18"]
[EventType "swiss"]
[EventRounds "9"]
[EventCountry "ROU"]
[SourceTitle "CBM 172 Extra"]
[Source "ChessBase"]
[SourceDate "2016.06.21"]
[SourceVersion "1"]
[SourceVersionDate "2016.06.21"]
[SourceQuality "1"]

1. e4 e6 2. d4 d5 3. exd5 exd5 4. Nf3 Bd6 5. Nc3 Ne7 6. Bg5 0-0 7. Bb5 Bd7 8. 0-0 Bxb5 9. Nxb5 Nbc6 10. Nxd6 Qxd6 11. Re1 h6 12. Bxe7 Nxe7 13. Re2 Nc6 14. Qe1 a6 15. Ne5 Nxd4 16. Rd2 Rfe8 17. Rxd4 Rxe5 18. Qd1 Rae8 19. h3 c6 20. f4 Re4 21. Rxe4 Rxe4 22. g3 Qc5+ 23. Kg2 b5 24. Qd2 Qe3 25. Qf2 Qe2 26. Kg1 Qxf2+ 27. Kxf2 c5 28. Rd1 d4 29. c3 a5 30. Kf3 Re3+ 31. Kg4 dxc3 32. bxc3 Rxc3 33. Rd8+ Kh7 34. Rd1 b4 35. Kf5 a4 36. Re1 b3 37. axb3 axb3 38. h4 b2 39. g4 Rc1 40. Rxc1 bxc1Q 41. g5 hxg5 42. fxg5 c4 43. h5 g6+ 44. hxg6+ fxg6+ 45. Kf6 Qxg5+ 46. Kxg5 c3 47. Kf4 c2 48. Ke3 c1Q+ 49. Kf3 Qc5 50. Kf4 g5+ 51. Ke4 g4 52. Kf4 Qc4+ 53. Kg3 Kg6 54. Kf2 Qa4 55. Ke2 g3 56. Ke1 g2 57. Kf2 Qg4 58. Ke1 g1Q+ 59. Kd2 Qf1 60. Kc2 Qff3 61. Kd2 Qgg2+ 62. Kc1 Qff1# 0-1